Szczegóły MARC21

Komputerowy skład tekstu w systemie LATEX : przewodnik po komendach i środowiskach wraz z przykładami /

005 -DATA I CZAS OSTATNIEJ MODYFIKACJI [,]
    • @
    • pole kontrolne
    • 20070315155141.9
020 -Międzynarod. znormalizowany nr książki - ISBN [ , ]
    • a
    • Numer ISBN
    • 8373223592 Find
040 -Instytucja sporządzająca opis [ , ]
    • a
    • Instytucja, która sporządziła opis (NP)
    • SZCZ U
    • c
    • Instytucja, która sporządziła rekord (NP)
    • SZCZ U
041 -Język dokumentu [0, ]
    • a
    • Język tekstu (P)
    • polski
    • h
    • Język tekstu oryginalnego i/lub pośredniego (P)
    • polski
942 -Rodzaj dokumentu [ , ]
    • c
    • Rodzaj dokumentu
    • Książka
100 -Hasło główne - nazwa osobowa [ , ]
    • a
    • Nazwa osobowa (NP)
    • DYL, DARIUSZ
245 -Strefa tytułu i oznaczenia odpowiedzialności [1, ]
    • a
    • Tytuł
    • Komputerowy skład tekstu w systemie LATEX : Find
    • b
    • Ciąg dalszy tytułu (NP)
    • przewodnik po komendach i środowiskach wraz z przykładami / Find
    • c
    • Pozostałe elementy strefy tytułu i oznaczenia odpowiedzialności (NP)
    • [Dariusz Dyl].
260 -Strefa adresu wydawniczego [ , ]
    • a
    • Miejsce wydania (P)
    • Toruń :
    • b
    • Nazwa wydawcy (P)
    • A.Marszałek,
    • c
    • Data wydania (P)
    • 2002.
300 -Strefa opisu fizycznego [ , ]
    • a
    • Określenie formy książki i/lub objętość (NP)
    • 59 s. :
    • c
    • Format (NP)
    • 21 cm.
080 -Uniwersalna Klasyfikacja Dziesiętna [ , ]
    • a
    • Symbol klasyfikacji
    • 655.1/.3
    • 9
    • UKD
    • 5527
    • 2
    • Identyfikator wydania tablic
    • UDC-P058
    • b
    • Dopowiedzenie
    • Drukarstwo. Przemysł poligraficzny. Zakłady poligraficzne. Reprodukcja poligraficzna. Stereotypia. Elektrotypia. Chemigrafia. Światłodruk. Typografia. Pismo drukarskie. Skład drukarski. Procesy drukowania. Techniki druku
080 -Uniwersalna Klasyfikacja Dziesiętna [ , ]
    • a
    • Symbol klasyfikacji
    • :004.42
980 -Symbol UKD [ , ]
    • a
    • UKD
    • 655.1/.3:004.42
920 -ISBN [ , ]
    • a
    • ISBN
    • 83-7322-359-2 Find
Lokalizacja Data inwentaryzacji Status udost. Numer inwentarzowy
BE2003-07-21-2S.90791